000
00205 a2200097 4500
001
19866
100
_a
Wali ullah S
245
_a
Izalath-ul-Khafa
260
_a
_b
M Saeed & sons
_c
090
_c
14488
_d
14488
942
_a
NUST-CAE
_c
M
_c
4989
999
_c
254939
_d
254939